[Event "Alcorcon Diagonal op 2nd"]
[Site "Alcorcon"]
[Date "2023.12.26"]
[Round "1"]
[White "Sierra Pena, Alberto"]
[Black "Blazquez Sanz, Oscar"]
[Result "0-1"]
[WhiteElo "1153"]
[BlackElo "1747"]
[PlyCount "54"]
[EventDate "2023.12.26"]
[EventType "swiss"]
[EventRounds "9"]
[EventCountry "ESP"]
[SourceTitle "CB01_2024"]
[SourceDate "2024.01.03"]
[SourceVersion "1"]
[SourceVersionDate "2024.01.03"]
[SourceQuality "1"]

1. c4 Nf6 2. Nc3 g6 3. g3 Bg7 4. Bg2 0-0 5. e3 d6 6. Nge2 c5 7. d4 cxd4 8. exd4 Nc6 9. 0-0 Bg4 10. f4 Rc8 11. Bf3 Qd7 12. Bg2 Bh3 13. a3 h5 14. Qd3 Na5 15. Rb1 Nxc4 16. b3 Bf5 17. Be4 Nxe4 18. Nxe4 d5 19. bxc4 Bxe4 20. Qb3 Qh3 21. Rf2 dxc4 22. Qb4 Bxb1 23. Qxb1 Qd7 24. Bb2 c3 25. Bxc3 Rxc3 26. Nxc3 Bxd4 27. Qd3 Bxf2+ 0-1

[Event "Madrid-ch Previa A"]
[Site "Madrid"]
[Date "2023.02.08"]
[Round "3.8"]
[White "Blazquez Sanz, Oscar"]
[Black "Martin Buitrago Lopez, Antonio"]
[Result "0-1"]
[WhiteElo "1886"]
[BlackElo "1705"]
[PlyCount "100"]
[EventDate "2023.02.06"]
[EventType "swiss"]
[EventRounds "9"]
[EventCountry "ESP"]
[SourceTitle "EXT 2024"]
[Source "ChessBase"]
[SourceDate "2023.10.10"]
[SourceVersion "1"]
[SourceVersionDate "2023.10.10"]
[SourceQuality "1"]

1. e4 e6 2. d4 d5 3. Nc3 Bb4 4. e5 c5 5. a3 Bxc3+ 6. bxc3 Qa5 7. Bd2 Qa4 8. Nf3 c4 9. Nh4 Nc6 10. f4 Nge7 11. g4 Bd7 12. Rb1 0-0-0 13. Qc1 Rdf8 14. Qb2 b6 15. Bg2 f5 16. gxf5 Nxf5 17. Nxf5 Rxf5 18. Bh3 Rf7 19. Rf1 Rhf8 20. Ke2 Ne7 21. Rf2 Nf5 22. Bxf5 Rxf5 23. Rg1 g6 24. h4 Be8 25. Rh2 Rh5 26. Rg5 Rf5 27. Kf3 Qd7 28. Qc1 Qf7 29. Qg1 Ba4 30. Be3 Qf8 31. Rg4 Qxa3 32. Qe1 Qf8 33. Qa1 b5 34. Qg1 Qa3 35. Qe1 Qb2 36. Bc1 Qa1 37. Rg1 Kd7 38. Be3 Qa3 39. Bc1 Qf8 40. Qg3 Qf7 41. Ke3 Qe7 42. Kd2 a5 43. Rgg2 Rf8 44. Qf2 Qf7 45. Rg4 Qf5 46. Qg3 Qxc2+ 47. Ke1 Qxc1+ 48. Kf2 Rhf5 49. h5 Rxf4+ 50. Rxf4 Qxf4+ 0-1

[Event "Madrid Alcorcon op 1st"]
[Site "Madrid"]
[Date "2022.12.29"]
[Round "8"]
[White "Blazquez Sanz, Oscar"]
[Black "Madrigal, Ana Daniela"]
[Result "1/2-1/2"]
[WhiteElo "1757"]
[BlackElo "1994"]
[PlyCount "79"]
[EventDate "2022.12.26"]
[EventType "swiss"]
[EventRounds "9"]
[EventCountry "ESP"]
[SourceTitle "CBM 212 Extra"]
[Source "ChessBase"]
[SourceDate "2023.03.31"]
[SourceVersion "1"]
[SourceVersionDate "2023.03.31"]
[SourceQuality "1"]

1. e4 e6 2. d4 d5 3. Nc3 Nf6 4. Bg5 dxe4 5. Nxe4 Be7 6. Nxf6+ Bxf6 7. Bxf6 Qxf6 8. Nf3 0-0 9. Bd3 c5 10. c3 Nc6 11. dxc5 e5 12. Qc2 g6 13. 0-0-0 b6 14. Be4 bxc5 15. Rhe1 Rb8 16. Bxc6 Qxc6 17. Rxe5 Qa6 18. b3 Bf5 19. Qe2 Qa3+ 20. Qb2 Qa5 21. b4 Qc7 22. Rxc5 Qf4+ 23. Qd2 Qe4 24. Kb2 Qe7 25. Re5 Qf6 26. Qh6 Rfe8 27. Qe3 Rec8 28. Rd2 a5 29. a3 axb4 30. axb4 Be6 31. Nd4 Bc4 32. f4 Qa6 33. Nb3 Qa4 34. Na5 Qa2+ 35. Kc1 Qa1+ 36. Kc2 Qa4+ 37. Kb2 Qa2+ 38. Kc1 Qa1+ 39. Kc2 Qa4+ 40. Kb2 1/2-1/2

[Event "Madrid Alcorcon op 1st"]
[Site "Madrid"]
[Date "2022.12.28"]
[Round "6"]
[White "Blazquez Sanz, Oscar"]
[Black "Criado de Diego, Pedro"]
[Result "0-1"]
[WhiteElo "1757"]
[BlackElo "2102"]
[PlyCount "68"]
[EventDate "2022.12.26"]
[EventType "swiss"]
[EventRounds "9"]
[EventCountry "ESP"]
[SourceTitle "CBM 212 Extra"]
[Source "ChessBase"]
[SourceDate "2023.03.31"]
[SourceVersion "1"]
[SourceVersionDate "2023.03.31"]
[SourceQuality "1"]

1. e4 c5 2. Nf3 g6 3. d4 cxd4 4. Nxd4 Bg7 5. Nc3 Nc6 6. Be3 Nf6 7. f3 0-0 8. Qd2 d5 9. 0-0-0 dxe4 10. Nxc6 Qxd2+ 11. Rxd2 bxc6 12. Nxe4 Nd5 13. Bc5 Bh6 14. c4 f5 15. cxd5 fxe4 16. Bxe7 e3 17. Re2 cxd5 18. Bxf8 Kxf8 19. Kc2 Bf5+ 20. Kc3 Bg7+ 21. Kb4 Bd4 22. b3 Rc8 23. g4 Bb1 24. Bh3 Bd3 25. Rhe1 Bc3+ 26. Ka3 Rc6 27. b4 d4 28. Kb3 Bc4+ 29. Kc2 Bxe1 30. Rxe1 Bf1+ 31. Kd1 Bxh3 32. Ke2 Rc2+ 33. Kd3 Rd2+ 34. Ke4 e2 0-1

[Event "Madrid Alcorcon op 1st"]
[Site "Madrid"]
[Date "2022.12.27"]
[Round "3"]
[White "Blazquez Sanz, Oscar"]
[Black "Lopez Martin, Israel"]
[Result "1-0"]
[WhiteElo "1757"]
[BlackElo "1401"]
[PlyCount "83"]
[EventDate "2022.12.26"]
[EventType "swiss"]
[EventRounds "9"]
[EventCountry "ESP"]
[SourceTitle "CBM 212 Extra"]
[Source "ChessBase"]
[SourceDate "2023.03.31"]
[SourceVersion "1"]
[SourceVersionDate "2023.03.31"]
[SourceQuality "1"]

1. e4 e5 2. Nf3 d6 3. Bc4 Be7 4. c3 Nf6 5. d3 0-0 6. Nbd2 Bg4 7. h3 Bd7 8. Nf1 c6 9. Bb3 d5 10. Qe2 Qc7 11. g4 dxe4 12. dxe4 Na6 13. Ng3 Nc5 14. Bc2 Rad8 15. b4 Ne6 16. Nf5 Bc8 17. Bd2 Rfe8 18. N3h4 Nf4 19. Bxf4 exf4 20. f3 Qe5 21. Kf2 Qxc3 22. Rad1 Bxb4 23. Bb3 Bc5+ 24. Kg2 g5 25. Nh6+ Kf8 26. N4f5 Bxf5 27. Nxf5 Bb6 28. Nd6 Re7 29. Rd3 Qb4 30. Rhd1 Red7 31. e5 Ne8 32. e6 Re7 33. Nf5 Rxd3 34. Rxd3 Qc5 35. Qe1 Ba5 36. Qa1 f6 37. Nxe7 Kxe7 38. Rd7+ Kf8 39. Rf7+ Kg8 40. e7 Bb6 41. Rxf6+ Kg7 42. Rf7+ 1-0

[Event "ESP-ch Amateurs U1700"]
[Site "Murcia"]
[Date "2022.09.03"]
[Round "8.3"]
[White "Blazquez Sanz, Oscar"]
[Black "Santos Dominguez, Iker"]
[Result "1/2-1/2"]
[WhiteElo "1650"]
[BlackElo "1442"]
[PlyCount "74"]
[EventDate "2022.08.30"]
[EventType "swiss"]
[EventRounds "9"]
[EventCountry "ESP"]
[SourceTitle "EXT 2024"]
[Source "ChessBase"]
[SourceDate "2023.10.10"]
[SourceVersion "1"]
[SourceVersionDate "2023.10.10"]
[SourceQuality "1"]

1. e4 c5 2. Nf3 Nc6 3. d4 cxd4 4. Nxd4 g6 5. Bf4 Bg7 6. c3 Qa5 7. Nb3 Qd8 8. f3 d6 9. Be2 Be6 10. 0-0 Bxb3 11. axb3 Nf6 12. Be3 0-0 13. Na3 a6 14. Nc4 Nd7 15. b4 b5 16. Na5 Nxa5 17. bxa5 Rc8 18. Bd4 Qc7 19. Bxg7 Kxg7 20. Qd2 Nc5 21. Ra3 Nd7 22. b4 Ne5 23. Qd4 Kg8 24. Qb6 Nd7 25. Qxc7 Rxc7 26. c4 bxc4 27. Rc1 Rb8 28. Rxc4 Rxc4 29. Bxc4 Rxb4 30. Bxa6 Rb8 31. Be2 Ra8 32. a6 Ra7 33. Rb3 Nc5 34. Rb6 Kg7 35. Bb5 Kf6 36. f4 Ke6 37. e5 f6 1/2-1/2

[Event "ESP-ch Amateurs U1700"]
[Site "Murcia"]
[Date "2022.09.01"]
[Round "5.7"]
[White "Tomas Viver, Antoni"]
[Black "Blazquez Sanz, Oscar"]
[Result "1/2-1/2"]
[WhiteElo "1519"]
[BlackElo "1650"]
[PlyCount "76"]
[EventDate "2022.08.30"]
[EventType "swiss"]
[EventRounds "9"]
[EventCountry "ESP"]
[SourceTitle "EXT 2024"]
[Source "ChessBase"]
[SourceDate "2023.10.10"]
[SourceVersion "1"]
[SourceVersionDate "2023.10.10"]
[SourceQuality "1"]

1. d4 Nf6 2. Nf3 g6 3. g3 Bg7 4. Bg2 0-0 5. c4 d6 6. 0-0 c5 7. Nc3 Nbd7 8. Re1 Nb6 9. b3 Bd7 10. Bb2 Qc7 11. e4 Rad8 12. Qc2 Ne8 13. Rad1 f5 14. Ne2 cxd4 15. Nexd4 e5 16. Ne2 fxe4 17. Qxe4 Bc6 18. Qe3 Bxf3 19. Bxf3 Rxf3 20. Qxf3 e4 21. Qxe4 Bxb2 22. Nd4 Bxd4 23. Rxd4 Qf7 24. Qe7 Qf6 25. Rf4 Qxe7 26. Rxe7 d5 27. Rxb7 dxc4 28. bxc4 Rd7 29. Rb8 Re7 30. c5 Nd7 31. Rb7 Re1+ 32. Kg2 Nxc5 33. Rxa7 Nd6 34. Rh4 Ndb7 35. Rc4 Re6 36. Rb4 Re2 37. Rbxb7 Nxb7 38. Rxb7 Rxa2 1/2-1/2

[Event "Madrid-ch U12"]
[Site "Madrid"]
[Date "2021.04.24"]
[Round "4"]
[White "Garcia Estebanez, Diego"]
[Black "Blazquez Sanz, Oscar"]
[Result "0-1"]
[WhiteElo "1154"]
[BlackElo "1299"]
[PlyCount "120"]
[EventDate "2021.04.17"]
[EventType "swiss"]
[EventRounds "5"]
[EventCountry "ESP"]
[SourceTitle "EXT 2023"]
[Source "ChessBase"]
[SourceDate "2022.10.05"]
[SourceVersion "1"]
[SourceVersionDate "2022.10.05"]
[SourceQuality "1"]

1. e4 e6 2. Nf3 d5 3. exd5 exd5 4. Qe2+ Qe7 5. Qxe7+ Bxe7 6. Nc3 Nf6 7. d3 0-0 8. Bg5 Re8 9. 0-0-0 Ng4 10. Re1 Bxg5+ 11. Kb1 Rxe1+ 12. Nxe1 Be6 13. g3 Nxf2 14. Rg1 Bh3 15. Bxh3 Nxh3 16. Rg2 d4 17. Nb5 Nc6 18. Re2 Kf8 19. Nxc7 Rc8 20. Nb5 Re8 21. Rxe8+ Kxe8 22. Nd6+ Ke7 23. Nxb7 h5 24. c3 dxc3 25. bxc3 Bd2 26. Nf3 Bxc3 27. Kc1 Bd4 28. Nh4 g6 29. Kc2 Bg1 30. Nf3 Nd4+ 31. Nxd4 Bxd4 32. Na5 Bg1 33. Nc6+ Ke8 34. d4 Bxh2 35. d5 Bxg3 36. Kd3 Nf4+ 37. Ke4 h4 38. d6 Kd7 39. Ne5+ Kxd6 40. Nxf7+ Ke7 41. Ng5 h3 42. Nxh3 Nxh3 43. Kf3 Bc7 44. Kg4 Nf2+ 45. Kg5 Kd6 46. Kxg6 Kc5 47. Kf5 Kb4 48. Ke6 Ka3 49. Kd7 Bb6 50. Kc6 Kxa2 51. Kb5 a5 52. Ka4 Kb2 53. Kb5 Kb3 54. Ka6 a4 55. Kb5 a3 56. Ka6 a2 57. Kb7 a1Q 58. Kc6 Qc3+ 59. Kb7 Kb4 60. Ka8 Qc8# 0-1

[Event "Madrid-ch U12"]
[Site "Madrid"]
[Date "2021.04.17"]
[Round "1"]
[White "Blazquez Sanz, Oscar"]
[Black "Garcia Trabanca, Ana"]
[Result "0-1"]
[WhiteElo "1299"]
[BlackElo "1022"]
[PlyCount "62"]
[EventDate "2021.04.17"]
[EventType "swiss"]
[EventRounds "5"]
[EventCountry "ESP"]
[SourceTitle "EXT 2023"]
[Source "ChessBase"]
[SourceDate "2022.10.05"]
[SourceVersion "1"]
[SourceVersionDate "2022.10.05"]
[SourceQuality "1"]

1. e4 c5 2. Nf3 d6 3. c3 Nf6 4. h3 Nbd7 5. Bd3 e6 6. Bc2 Be7 7. d4 cxd4 8. cxd4 b6 9. Nc3 Ba6 10. b4 Rc8 11. Bb2 0-0 12. b5 Bb7 13. Qd3 e5 14. d5 Nc5 15. Qe2 a6 16. Na4 axb5 17. Qxb5 Ncxe4 18. Bxe4 Nxe4 19. Nxb6 Rc5 20. Qb3 Ba6 21. Na4 Qa5+ 22. Bc3 Nxc3 23. Nxc5 Ne4+ 24. Kd1 Nxf2+ 25. Kc2 Qxc5+ 26. Kb2 e4 27. Rhc1 Nd3+ 28. Qxd3 Rb8+ 29. Qb3 Bf6+ 30. Rc3 Qxc3+ 31. Ka3 Rxb3+ 0-1

[Event "Madrid-ch U12"]
[Site "Madrid"]
[Date "2021.04.17"]
[Round "2"]
[White "Bonilla Almeida, Hugo"]
[Black "Blazquez Sanz, Oscar"]
[Result "0-1"]
[WhiteElo "1032"]
[BlackElo "1299"]
[PlyCount "120"]
[EventDate "2021.04.17"]
[EventType "swiss"]
[EventRounds "5"]
[EventCountry "ESP"]
[SourceTitle "EXT 2023"]
[Source "ChessBase"]
[SourceDate "2022.10.05"]
[SourceVersion "1"]
[SourceVersionDate "2022.10.05"]
[SourceQuality "1"]

1. e4 e6 2. d4 d5 3. e5 c5 4. c3 Nc6 5. Be3 Qb6 6. Qd2 cxd4 7. cxd4 Bb4 8. Nc3 Nge7 9. a3 Bxc3 10. bxc3 Nf5 11. Bd3 Nxe3 12. fxe3 Bd7 13. Nf3 Rc8 14. 0-0 Na5 15. Rab1 Qc7 16. Rfc1 a6 17. Qb2 0-0 18. Qf2 h6 19. h3 b5 20. Nh2 Nc4 21. Ng4 Rfe8 22. Nxh6+ gxh6 23. Qh4 Nxe3 24. Qxh6 Nf5 25. Qg5+ Kf8 26. h4 Qd8 27. Bxf5 Qxg5 28. hxg5 exf5 29. Kf2 Rc6 30. Kf3 Rec8 31. Rb3 a5 32. Kf2 b4 33. axb4 axb4 34. Rxb4 Rxc3 35. Rxc3 Rxc3 36. Rb8+ Rc8 37. Rb7 Be6 38. Rb6 Rc4 39. Ke3 Rc3+ 40. Kf2 Rd3 41. Rb4 Kg7 42. Ke2 Rg3 43. Kf2 f4 44. Rb8 Kg6 45. Rg8+ Kf5 46. Rb8 Ke4 47. Rb4 Rxg5 48. Kg1 Rg3 49. Kf2 Rd3 50. g4 fxg3+ 51. Kg2 Rxd4 52. Rxd4+ Kxd4 53. Kxg3 Kxe5 54. Kf3 d4 55. Ke2 Bb3 56. Kd3 f5 57. Kd2 Ke4 58. Ke2 d3+ 59. Kd2 f4 60. Ke1 Ke3 0-1

[Event "Madrid-ch U10"]
[Site "Madrid"]
[Date "2019.04.06"]
[Round "5"]
[White "Sola Sanchez, Pablo"]
[Black "Blazquez Sanz, Oscar"]
[Result "0-1"]
[WhiteElo "1379"]
[BlackElo "1319"]
[PlyCount "48"]
[EventDate "2019.03.30"]
[EventType "swiss"]
[EventRounds "6"]
[EventCountry "ESP"]
[SourceTitle "EXT 2021"]
[Source "ChessBase"]
[SourceDate "2020.10.23"]
[SourceVersion "1"]
[SourceVersionDate "2020.10.23"]
[SourceQuality "1"]

1. d4 d5 2. Bf4 Bf5 3. e3 e6 4. c3 c5 5. Nd2 Nc6 6. Ngf3 Bd6 7. Bg3 Bxg3 8. hxg3 Qb6 9. Qa4 Qxb2 10. Rd1 Bc2 11. Nb3 Bxd1 12. Kxd1 Qxc3 13. Bb5 Nge7 14. Ne5 cxd4 15. Nxd4 0-0 16. Ke2 Nxe5 17. f4 Qb2+ 18. Nc2 Rac8 19. fxe5 Rxc2+ 20. Kf3 Rf2+ 21. Kg4 Qxe5 22. Bd3 f5+ 23. Kg5 Qxe3+ 24. Kh4 Qh6# 0-1

[Event "Madrid-ch U10"]
[Site "Madrid"]
[Date "2019.03.30"]
[Round "2"]
[White "Rey Martinez, Jaime"]
[Black "Blazquez Sanz, Oscar"]
[Result "1-0"]
[WhiteElo "1244"]
[BlackElo "1319"]
[PlyCount "99"]
[EventDate "2019.03.30"]
[EventType "swiss"]
[EventRounds "6"]
[EventCountry "ESP"]
[SourceTitle "EXT 2021"]
[Source "ChessBase"]
[SourceDate "2020.10.23"]
[SourceVersion "1"]
[SourceVersionDate "2020.10.23"]
[SourceQuality "1"]

1. e4 e5 2. Nf3 Nc6 3. Bc4 Bc5 4. c3 Bb6 5. d4 d6 6. Bb5 d5 7. Nxe5 Nge7 8. Qf3 0-0 9. Bxc6 Nxc6 10. exd5 Nxe5 11. dxe5 Re8 12. Bf4 f6 13. e6 c6 14. c4 Bd4 15. Nc3 a6 16. 0-0 Bxc3 17. bxc3 Qa5 18. Qh5 Re7 19. Bd6 Rxe6 20. Bb4 Re5 21. Qxe5 Qxb4 22. cxb4 fxe5 23. Rfe1 cxd5 24. cxd5 e4 25. Rxe4 Bf5 26. Rd4 Rd8 27. d6 Be6 28. a3 Rf8 29. h3 Kf7 30. Re1 Rd8 31. Rf4+ Bf5 32. Rxf5+ Kg6 33. Rd5 b6 34. d7 Kf7 35. Re8 Rxd7 36. Rxd7+ Kxe8 37. Rxg7 h5 38. Ra7 Kd8 39. Rxa6 Kc7 40. Ra7+ Kc6 41. Rh7 Kb5 42. f4 Ka4 43. f5 Kxa3 44. f6 Kxb4 45. f7 Kb3 46. f8Q b5 47. Qc5 b4 48. Rb7 Kb2 49. Rxb4+ Ka3 50. Qa5# 1-0